[Event "38th Olympiad"]
[Site "Dresden GER"]
[Date "2008.11.25"]
[Round "11"]
[White "Lill,S"]
[Black "Jose Queralto,D"]
[Result "1-0"]
[WhiteElo "1885"]
[BlackElo "2125"]

1.d4 d5 2.c4 dxc4 3.e4 e5 4.Nf3 exd4 5.Bxc4 Bb4+ 6.Bd2 Bxd2+ 7.Nbxd2 Nc6
8.Qb3 Qf6 9.O-O Nge7 10.e5 Qf5 11.Bd3 Qd7 12.Rfe1 O-O 13.Ng5 Nd5 14.e6 fxe6
15.Bxh7+ Kh8 16.Qh3 Rf6 17.Bg6+ Kg8 18.Qh7+ Kf8 19.Qh8+ Ke7 20.Qxg7+ Kd8
21.Nxe6+ Qxe6 22.Rxe6 Rxe6 23.Qf8+ Kd7 24.Bf5  1-0

[Event "FSGM December"]
[Site "Budapest HUN"]
[Date "2008.12.10"]
[Round "5"]
[White "Toth,E"]
[Black "Varga,Zo"]
[Result "0-1"]
[WhiteElo "2401"]
[BlackElo "2494"]

1.d4 d5 2.c4 dxc4 3.e4 Nf6 4.e5 Nd5 5.Bxc4 Nb6 6.Bb3 Nc6 7.Ne2 Bf5 8.Nbc3 e6
9.Be3 Nb4 10.O-O c6 11.a3 N4d5 12.Qd2 Be7 13.Rac1 O-O 14.Ng3 Bg6 15.Nce4 Nxe3
16.Qxe3 Nd5 17.Qd2 Qb6 18.Ba2 Rfd8 19.Nc5 Nc7 20.Rfd1 Nb5 21.Qe3 Rxd4 22.Rxd4 Nxd4
23.Qxd4 Rd8 24.Qe3 Bxc5 25.Rxc5 Rd1+ 26.Nf1 Bd3 27.h3 Qxb2 28.Kh2 Bxf1  0-1

[Event "III Open"]
[Site "Palma de Mallorca ESP"]
[Date "2008.12.12"]
[Round "7"]
[White "Svetushkin,D"]
[Black "D'Costa,L"]
[Result "1-0"]
[WhiteElo "2588"]
[BlackElo "2411"]

1.d4 d5 2.c4 dxc4 3.e4 Nf6 4.e5 Nd5 5.Bxc4 Nb6 6.Bd3 Nc6 7.Be3 Be6 8.Nf3 Qd7
9.Nc3 O-O-O 10.O-O f6 11.Ne4 Bd5 12.a3 Qe8 13.Qc2 f5 14.Ned2 e6 15.b4 a6
16.b5 axb5 17.Bxb5 Nb4 18.axb4 Qxb5 19.Rfc1 Qc6 20.Qd3 Qe8 21.Bg5 Be7 22.Bxe7 Qxe7
23.Qb5 Bc6 24.Nc4 Nd5 25.Qa5 Qxb4 26.Ng5 Qe7 27.Nd6+ Kd7 28.Nxb7 Qxg5 29.Rxc6 Ra8
30.Ra6 Nb6 31.Nc5+ Ke7 32.Qa2 Qh6 33.Ra7 Rhc8 34.Qb2 Rab8 35.Na6 Ra8 36.Qxb6  1-0

[Event "TCh-SLO"]
[Site "Murska Sobota SLO"]
[Date "2008.12.13"]
[Round "8"]
[White "Ushenina,A"]
[Black "Sermek,D"]
[Result "1/2-1/2"]
[WhiteElo "2496"]
[BlackElo "2535"]

1.d4 d5 2.c4 dxc4 3.e4 c5 4.Nf3 cxd4 5.Qxd4 Qxd4 6.Nxd4 Bd7 7.Bxc4 Nc6 8.Be3 Nf6
9.Nxc6 Bxc6 10.f3 e6 11.Nd2 Nd7 12.Rc1 Bc5 13.Bxc5 Nxc5 14.b4 Na4 15.Nb3 Bd7
16.Be2 Rc8 17.Rxc8+ Bxc8 18.Kf2 Kd8 19.Rc1 Nb6 20.Ke3 e5 21.Nc5 Re8 22.a4 Re7
23.a5 Nd7 24.g3 Nxc5 25.Rxc5 f6 26.f4 b6  1/2-1/2

[Event "XXI Carlos Torre"]
[Site "Merida MEX"]
[Date "2008.12.16"]
[Round "6"]
[White "Garmendez Gonzalez,C"]
[Black "Estrada Nieto,J"]
[Result "0-1"]
[WhiteElo "2189"]
[BlackElo "2347"]

1.d4 d5 2.c4 dxc4 3.e4 e5 4.Nf3 exd4 5.Bxc4 Nc6 6.O-O Be6 7.Bxe6 fxe6 8.Qb3 Qd7
9.Qxb7 Rb8 10.Qa6 Nf6 11.Nbd2 Bd6 12.a3 O-O 13.b4 Ng4 14.Re1 Rb6 15.Qe2 d3
16.Qd1 Qf7 17.Bb2 Bxh2+ 18.Nxh2 Qxf2+ 19.Kh1 Nxh2 20.Kxh2 Rf4 21.Nf3 Rb5
22.e5 Rg4  0-1

[Event "8th Amplico AIG Life Rapid"]
[Site "Warsaw POL"]
[Date "2008.12.20"]
[Round "7"]
[White "Shirov,A"]
[Black "Nurkiewicz,M"]
[Result "1-0"]
[WhiteElo "2726"]
[BlackElo "2380"]

1.d4 d5 2.c4 dxc4 3.e4 e5 4.Nf3 exd4 5.Bxc4 Nc6 6.O-O Be6 7.Bb5 Bc5 8.b4 Bb6
9.a4 a5 10.bxa5 Rxa5 11.Ba3 Ne7 12.Ng5 O-O 13.Nxe6 fxe6 14.Nd2 Ne5 15.Qb3 Rf6
16.Qg3 c6 17.Nb3 N7g6 18.Nxa5 Bxa5 19.f4 cxb5 20.fxe5 Rxf1+ 21.Rxf1 b4 22.Bb2 Bc7
23.Qb3 Qd7 24.Qxb4 Bxe5 25.Qb5 Qd6 26.Qe8+ Nf8 27.Qf7+  1-0

[Event "8th Amplico AIG Life Rapid"]
[Site "Warsaw POL"]
[Date "2008.12.20"]
[Round "8"]
[White "Wojtaszek,R"]
[Black "Mista,A"]
[Result "1-0"]
[WhiteElo "2599"]
[BlackElo "2559"]

1.d4 d5 2.c4 dxc4 3.e4 Nf6 4.e5 Nd5 5.Bxc4 Nb6 6.Bd3 Nc6 7.Ne2 Bg4 8.Be3 e6
9.Nbc3 Qd7 10.O-O Nb4 11.Be4 N4d5 12.Qc2 c6 13.Ng3 h5 14.h3 h4 15.Nge2 Bh5
16.Bg5 Be7 17.Bxe7 Qxe7 18.Bxd5 Nxd5 19.Nxd5 cxd5 20.Nf4 Qg5 21.Nxh5 Rxh5
22.Rac1 Kf8 23.Qc7 Kg8 24.Qxb7 Rf8 25.Qxa7 Qf4 26.Qc5 Ra8 27.a3 Rg5 28.Qc3 Qe4
29.f3 Qf4 30.Rc2 Ra4 31.Qd2 Qxd4+ 32.Qxd4 Rxd4 33.b4 Rxe5 34.b5 Rc4 35.Rxc4 dxc4
36.a4 Kf8 37.b6 Rd5 38.Rc1 Ke7 39.b7 Rd8 40.a5  1-0

[Event "Open"]
[Site "Pamplona ESP"]
[Date "2008.12.26"]
[Round "6"]
[White "Argandona Salinas,G"]
[Black "Mellado Trivino,J"]
[Result "0-1"]
[WhiteElo "2055"]
[BlackElo "2434"]

1.d4 d5 2.c4 dxc4 3.e4 Nf6 4.Nc3 e5 5.d5 b5 6.Bg5 Bc5 7.Nf3 b4 8.Na4 Bxf2+
9.Kxf2 Nxe4+ 10.Kg1 Nxg5 11.Nxe5 O-O 12.Bxc4 Qf6 13.Ng4 Qf4 14.Be2 Re8 15.Nf2 Qe3
16.Bd3 Bd7 17.b3 Ne4 18.Bxe4 Rxe4 19.Qc1 Bxa4 20.bxa4 Nd7 21.g3 Nf6 22.Kg2 Rae8
23.Qxc7 R4e7 24.Qc4 Ne4 25.Qc2 Nd2 26.Qd3 Qxd3 27.Nxd3 Re2+ 28.Kh3 Ne4 29.Rhe1 Nf2+  0-1

[Event "5th Open"]
[Site "Vandoeuvre les Nancy FRA"]
[Date "2008.12.29"]
[Round "7"]
[White "Svetushkin,D"]
[Black "Bauer,Ch"]
[Result "1/2-1/2"]
[WhiteElo "2588"]
[BlackElo "2592"]

1.d4 d5 2.c4 dxc4 3.e4 e5 4.Nf3 exd4 5.Bxc4 Nc6 6.O-O Nf6 7.Qb3 Qd7 8.Bd2 Ng4
9.e5 Qf5 10.Na3 Bc5 11.Qb5 Bxa3 12.bxa3 O-O 13.Rae1 a6 14.Qc5 Be6 15.Bxe6 fxe6
16.h3 Nf6 17.Nxd4 Nxd4 18.Qxd4 Nd5 19.Rb1 b6 20.Rb3  1/2-1/2

[Event "17th Donau Open"]
[Site "Aschach AUT"]
[Date "2008.12.30"]
[Round "6"]
[White "Hertneck,G"]
[Black "Wiesinger,R"]
[Result "1/2-1/2"]
[WhiteElo "2519"]
[BlackElo "2237"]

1.d4 d5 2.c4 dxc4 3.e4 Nc6 4.d5 Ne5 5.Nc3 a6 6.Qd4 Ng6 7.Qxc4 e5 8.g3 Bd6
9.h4 h6 10.h5 N6e7 11.f4 c6 12.Nf3 cxd5 13.exd5 exf4 14.Bxf4 Nf6 15.O-O-O b5
16.Qb3 b4 17.Na4 Nexd5 18.Bxd6 Qxd6 19.Bc4 Be6 20.Nd4 O-O 21.Nxe6 fxe6 22.Rh4  1/2-1/2

[Event "17th Donau Open"]
[Site "Aschach AUT"]
[Date "2008.12.30"]
[Round "6"]
[White "Shengelia,D"]
[Black "Horvath,Jo1"]
[Result "1/2-1/2"]
[WhiteElo "2547"]
[BlackElo "2542"]

1.d4 d5 2.c4 dxc4 3.e4 b5 4.a4 c6 5.b3 e5 6.Nf3 Nf6 7.bxc4 Nxe4 8.Bd3 Bb4+
9.Nbd2 Nc5 10.Bb1 exd4 11.O-O O-O 12.axb5 cxb5 13.cxb5 Bb7 14.Bb2 d3 15.Nb3 Nbd7
16.Bxd3 Nxd3 17.Qxd3 Nb6 18.Nfd4 Qd5 19.Qg3 Nc4 20.Nf5 Qxg2+ 21.Qxg2 Bxg2
22.Bxg7 Bxf1 23.Bxf8 Kxf8 24.Kxf1 Nb6 25.Ra2 Nd5 26.Nfd4 Nc3 27.Rc2 a5 28.b6 Rb8
29.Nxa5 Bxa5 30.Nc6 Rxb6 31.Nxa5 Nd5  1/2-1/2

[Event "51st It B"]
[Site "Reggio Emilia ITA"]
[Date "2009.01.03"]
[Round "8"]
[White "Barillaro,L"]
[Black "Thorfinnsson,Bj"]
[Result "1/2-1/2"]
[WhiteElo "2202"]
[BlackElo "2399"]

1.d4 d5 2.c4 dxc4 3.e4 e5 4.Nf3 exd4 5.Qxd4 Qxd4 6.Nxd4 Bd7 7.Bxc4 Bc5 8.Be3 Bb6
9.O-O Nc6 10.Nxc6 Bxc6 11.Bxb6 axb6 12.Nc3 Ne7 13.a3 O-O 14.Rad1  1/2-1/2

[Event "14th Open"]
[Site "Bosnjaci CRO"]
[Date "2009.01.06"]
[Round "5"]
[White "Kopic,M"]
[Black "Djermic,I"]
[Result "0-1"]
[WhiteElo "1957"]
[BlackElo "2059"]

1.d4 d5 2.c4 dxc4 3.e4 e5 4.d5 Nf6 5.Qa4+ c6 6.dxc6 Nxc6 7.Bxc4 Bb4+ 8.Bd2 Qd4
9.Bxb4 Qxc4 10.a3 Qc1+ 11.Qd1 Qxd1+ 12.Kxd1 Nxe4 13.Be1 Be6 14.f3 O-O-O+
15.Kc1 Nc5  0-1

[Event "66th ch-POL"]
[Site "Chotowa POL"]
[Date "2009.02.02"]
[Round "7"]
[White "Wojtaszek,R"]
[Black "Mista,A"]
[Result "1-0"]
[WhiteElo "2608"]
[BlackElo "2559"]

1.d4 d5 2.c4 dxc4 3.e4 Nf6 4.e5 Nd5 5.Bxc4 Nb6 6.Bd3 Nc6 7.Be3 Nb4 8.Be4 f5
9.exf6 exf6 10.Nc3 f5 11.Bb1 Be7 12.Nf3 O-O 13.O-O N4d5 14.Bd2 c6 15.Re1 Qd6
16.a3 Bf6 17.Ba2 Kh8 18.Ne5 Be6 19.Nxd5 Nxd5 20.Bb4 Nxb4 21.Bxe6 Bxe5 22.Rxe5 Rae8
23.Bb3 Na6 24.Qe2 Nc7 25.Rd1 Rd8 26.h4 Qf6 27.h5 Nb5 28.Qe3 Qh4 29.Re7 Qxh5
30.Qe5 Qg5 31.d5 cxd5 32.Bxd5 h6 33.Re1 Nd6 34.Re3 Ne4 35.Bxe4 Rd1+ 36.Kh2 fxe4
37.Qxg5 hxg5 38.Re2 Rf6 39.Rxb7 Rd3 40.g3 e3 41.fxe3 a6 42.Kh3 Kh7 43.Kg4 Kg6
44.Re7 Rd5 45.Rc2 Rb6 46.Rec7 Re6 47.R7c6 Re5 48.Rxe6+ Rxe6 49.Rc3 Kf6 50.b4 g6
51.Kf3 Ke7 52.Rc5 Kf6 53.g4  1-0

[Event "Open A"]
[Site "Moscow RUS"]
[Date "2009.02.07"]
[Round "8"]
[White "Sakaev,K"]
[Black "Yakovich,Yur"]
[Result "1-0"]
[WhiteElo "2619"]
[BlackElo "2556"]

1.d4 d5 2.c4 dxc4 3.e4 Nc6 4.Nf3 Bg4 5.d5 Ne5 6.Bf4 Ng6 7.Be3 Nf6 8.Nc3 e6
9.Qa4+ Qd7 10.Qxd7+ Kxd7 11.Ng5 exd5 12.Nxf7 Rg8 13.f3 Be6 14.Ng5 Bb4 15.O-O-O Bxc3
16.bxc3 b5 17.g3 c6 18.Bd4 Rge8 19.Nxe6 Kxe6 20.Bh3+ Kd6 21.Bf5 Kc7 22.exd5 Nxd5
23.Bxg7 Re2 24.Rd2 Rxd2 25.Kxd2 Rd8 26.Kc1 a5 27.h4 Rg8 28.Bd4 c5 29.Bxc5 Nxc3
30.h5 Ne2+ 31.Kc2 Nxg3 32.hxg6 hxg6 33.Be6 Rd8 34.Rg1 Ne2 35.Rxg6 Nf4 36.Rf6 Nxe6
37.Rxe6 Rd5 38.Bb6+ Kd7 39.Re4 Kc6 40.Bxa5 Rd3 41.f4 Ra3 42.Bb4 Rxa2+ 43.Kc3 Rf2
44.Kd4 Rf3 45.Re6+ Kd7 46.Rd6+ Ke8 47.Ke5 Rb3 48.Bc5 Kf7 49.Rd7+ Ke8 50.Ke6 Rb1
51.Bd4 Rd1 52.Rh7 Kd8 53.Be5  1-0

[Event "10th EICC w"]
[Site "St Petersburg RUS"]
[Date "2009.03.11"]
[Round "4"]
[White "Limontaite,S"]
[Black "Bulmaga,I"]
[Result "0-1"]
[WhiteElo "2206"]
[BlackElo "2300"]

1.d4 d5 2.c4 dxc4 3.e4 e5 4.Nf3 exd4 5.Bxc4 Nc6 6.O-O Be6 7.Bb5 Bc5 8.b4 Bb6
9.a4 a6 10.Bxc6+ bxc6 11.a5 Ba7 12.Bb2 Nf6 13.Nxd4 Bxd4 14.Bxd4 Rb8 15.f3 Rxb4
16.Bf2 Qxd1 17.Rxd1 Nd7 18.Rc1 Rc4 19.Nd2 Rxc1+ 20.Rxc1 c5 21.f4 f6 22.Nf3 c4
23.Nd4 Bf7 24.Nc6 O-O 25.Ne7+ Kh8 26.Rd1 Nb8 27.Bc5 Re8 28.Kf2 c3 29.Rc1 Nd7
30.Ba3 c5 31.Nf5 Rxe4 32.Nd6 Rxf4+ 33.Ke3 Ra4 34.Bxc5 Nxc5 35.Rxc3 Rxa5 36.Nxf7+ Kg8
37.Nd6 h6 38.Nf5 Ne6 39.Nd6 Re5+ 40.Kf2 Nc5 41.Ra3 Rd5 42.Nc4 Rd4 43.Ne3 Ra4
44.Rxa4 Nxa4 45.Nc4 Kf7 46.Ke3 Nc5 47.Kd4 Ne6+ 48.Ke4 Nc7 49.h4 h5 50.Nd6+ Ke6
51.Nb7 f5+ 52.Kf4 Kf6 53.Ke3 Ke5 54.g3 Nd5+ 55.Kf3 f4 56.Nc5 a5 57.gxf4+ Nxf4
58.Nd7+ Kf5 59.Nb6 Ng6  0-1

[Event "10th EICC w"]
[Site "St Petersburg RUS"]
[Date "2009.03.11"]
[Round "4"]
[White "Guramishvili,S"]
[Black "Matveeva,S"]
[Result "1/2-1/2"]
[WhiteElo "2281"]
[BlackElo "2422"]

1.d4 d5 2.c4 dxc4 3.e4 Nf6 4.e5 Nd5 5.Bxc4 Nb6 6.Bd3 Nc6 7.Ne2 Bg4 8.f3 Be6
9.Nbc3 Qd7 10.Ne4 Bd5 11.Nc5 Qc8 12.a3 e6 13.Qc2 Bxc5 14.Qxc5 Qd7 15.O-O a6
16.Qc3 Ne7 17.b3 Bc6 18.a4 Nbd5 19.Qd2 O-O 20.Ng3 f5 21.exf6 Nxf6 22.Bb2 Bd5
23.Ne4 Nf5 24.Nc5 Qf7 25.Bc4 Nd6 26.Rac1 Rfe8 27.Rfe1 Rad8 28.Nd3 c6 29.Ne5 Qc7
30.Qf2 Nf5 31.Rc2 Qb6 32.g4 Nd6 33.Bc3 Nd7 34.a5 Qc7 35.Bb4 Nb5 36.Bxd5 exd5
37.Rce2 Nf8 38.Nd3 Rxe2 39.Rxe2 h6 40.Re7 Rd7 41.Re8 Rd8 42.Re7 Rd7 43.Re8 Rd8  1/2-1/2

[Event "10th EICC w"]
[Site "St Petersburg RUS"]
[Date "2009.03.12"]
[Round "5"]
[White "Dolgova,O"]
[Black "Peng Zhaoqin"]
[Result "0-1"]
[WhiteElo "2245"]
[BlackElo "2461"]

1.d4 d5 2.c4 dxc4 3.e4 Nc6 4.d5 Ne5 5.Bf4 Ng6 6.Be3 Nf6 7.Qa4+ Bd7 8.Qxc4 c6
9.Nc3 e6 10.dxe6 Bxe6 11.Qa4 Nd7 12.Rd1 Qc7 13.Nf3 Be7 14.Nd4 Nc5 15.Nxe6 fxe6
16.Qc2 O-O 17.b4 Nd7 18.Bc4 Nde5 19.Bxe6+ Kh8 20.O-O Bxb4 21.f4 Qa5 22.Ne2 Rae8
23.Qb3 Bc5 24.Bd4 Bxd4+ 25.Rxd4 c5 26.Rd6 c4 27.Qe3 Nf7 28.Rd5 Qxa2 29.Nc3 Qa3
30.f5 Nge5 31.Qd4 Nc6 32.Qxc4 Nfe5 33.Qc5 Qxc5+ 34.Rxc5 g6 35.Nb5 b6 36.Rd5 Re7
37.Ra1 Nc4 38.Rc1 N6a5 39.Rd6 Ne5 40.Rd5 Nec6 41.Rd6 Ne5 42.Nd4 Nd3 43.Rf1 Nb7
44.Rd5 Ndc5 45.Re5 Nd8 46.Rd1 Kg7 47.Nb5 Nc6 48.Red5 Nxe6 49.fxe6 Rxe6 50.Rd7+ Rf7
51.R7d6 Rxd6 52.Rxd6 Ne5 53.Re6 Nc4 54.Rc6 Nd2 55.g3 Nxe4 56.Rc8 a6 57.Nd4 Rd7
58.Ne6+ Kf6 59.Nf4 g5 60.Rc6+ Ke5 61.Nh5 Rb7 62.Kf1 a5 63.Ke2 b5 64.Ke3 b4
65.Ra6 b3 66.Rxa5+ Ke6 67.Ra6+ Nd6 68.Ra1 b2 69.Rb1 Nc4+ 70.Kd3 Na3 71.Ng7+ Kd5  0-1

[Event "Copa Ajedrez Plus"]
[Site "Ramos Mejia ARG"]
[Date "2009.03.18"]
[Round "7"]
[White "Nedilsky,D"]
[Black "Goldwaser,C"]
[Result "0-1"]
[WhiteElo "2285"]
[BlackElo "2356"]

1.d4 d5 2.c4 dxc4 3.e4 e5 4.Nf3 exd4 5.Bxc4 Bb4+ 6.Nbd2 Nc6 7.O-O Nf6 8.e5 Nd5
9.Nb3 Nb6 10.Bb5 Qd5 11.Nbxd4 Bg4 12.a3 Bf8 13.Be3 Bd7 14.Bxc6 bxc6 15.Qe2 c5
16.Nb5 Qc6 17.Nc3 Be7 18.Bg5 Bg4 19.Bxe7 Bxf3 20.gxf3 Kxe7 21.Qe4 Qxe4 22.Nxe4 c4
23.Nc5 Rhd8 24.Rfd1 c6 25.f4 Rd5 26.Ne4 Na4 27.Nc3 Nxc3 28.bxc3 Rb8 29.Rdb1 Rb3
30.Rxb3 cxb3 31.Rb1 Rb5 32.c4 Rb7 33.Kg2 Ke6 34.Kf3 Kf5 35.Ke3 c5 36.Rb2 a5
37.a4 Rb4 38.h3 Rxc4 39.Rxb3 Re4+ 40.Kd2 Rxf4 41.Rb5 Rxa4 42.Rxc5 Rd4+ 43.Kc3 Rf4
44.Rxa5 Rxf2 45.Kd4 Rd2+ 46.Kc4 Re2 47.Ra7 Ke6 48.Kd4 Rxe5 49.Rxf7 Rd5+ 50.Ke4 Kxf7
51.Kxd5 Kf6 52.Ke4 Kg5 53.Kf3 Kf5 54.Ke3 g5 55.Kf3 h5 56.Ke3 Ke5 57.Kf3 Kd4  0-1

[Event "Victor Ciocaltea Mem"]
[Site "Bucharest ROM"]
[Date "2009.03.25"]
[Round "3"]
[White "Shishkin,Va UKR"]
[Black "Szabo,G ROM"]
[Result "1/2-1/2"]
[WhiteElo "2493"]
[BlackElo "2506"]

1.d4 d5 2.c4 dxc4 3.e4 e5 4.Nf3 exd4 5.Bxc4 Bb4+ 6.Nbd2 Nc6 7.O-O Nf6 8.e5 Nd5
9.Nb3 Nb6 10.Bg5 Be7 11.Bxe7 Qxe7 12.Bb5 Bd7 13.Bxc6 Bxc6 14.Nfxd4 Bd5 15.Qg4 g6
16.f4  1/2-1/2

[Event "ITT Proyeccion U20"]
[Site "Buenos Aires ARG"]
[Date "2009.03.30"]
[Round "8"]
[White "Meza,Hu"]
[Black "Goldwaser,C"]
[Result "1/2-1/2"]
[WhiteElo "2318"]
[BlackElo "2356"]

1.d4 d5 2.c4 dxc4 3.e4 Nf6 4.e5 Nd5 5.Bxc4 Nb6 6.Bb3 Nc6 7.Ne2 Bf5 8.Nbc3 e6
9.O-O Qd7 10.Be3 O-O-O 11.Na4 Na5 12.Nxb6+ axb6 13.Ba4 b5 14.Bc2 Bxc2 15.Qxc2 Qc6
16.Qd1 Nc4 17.Qb3 Na5 18.Qd1 Nc4 19.Bg5 Rd7 20.Qb3  1/2-1/2

[Event "16th TCh-RUS HL"]
[Site "Dagomys RUS"]
[Date "2009.04.06"]
[Round "5"]
[White "Mozharov,M"]
[Black "Arslanov,S"]
[Result "1-0"]
[WhiteElo "2475"]
[BlackElo "2365"]

1.d4 d5 2.c4 dxc4 3.e4 e5 4.Nf3 exd4 5.Bxc4 Nc6 6.O-O Be6 7.Bb5 Bc5 8.b4 Bb6
9.a4 a6 10.Bxc6+ bxc6 11.a5 Ba7 12.Bb2 Ne7 13.Qd2 O-O 14.Nxd4 Qd7 15.Rd1 Rad8
16.Nxe6 Qxd2 17.Nxd2 fxe6 18.Nf3 Ng6 19.Kf1 c5 20.bxc5 Bxc5 21.Rxd8 Rxd8
22.Rc1 Bd6 23.Rc6 Rb8 24.Bc3 Rb1+ 25.Ke2 Rc1 26.Kd2 Bf4+ 27.Kd3 Ne5+ 28.Bxe5 Rxc6
29.Bxf4 Rc5 30.Bd2 h6 31.Bc3 Kf7 32.Ne5+ Ke8 33.h4 Rb5 34.Kd2 Rc5 35.h5 Rb5
36.g4 Kf8 37.f3 Kg8 38.f4 Rb8 39.Nc6 Ra8 40.f5 Kf8 41.Kd3 Re8 42.Bb2 Kf7
43.Ne5+ Kf6 44.Ng6+ Kg5 45.Bxg7 exf5 46.gxf5 Kxh5 47.Ne5 Kg5 48.f6 Kf4 49.f7 Rd8+
50.Kc4 h5 51.Ng6+  1-0

[Event "11th European Senior Team"]
[Site "Velden AUT"]
[Date "2009.04.07"]
[Round "3"]
[White "Leitner,R"]
[Black "Regatschnig,H"]
[Result "1/2-1/2"]
[WhiteElo "1635"]
[BlackElo "1883"]

1.d4 d5 2.c4 dxc4 3.e4 e5 4.Nf3 Bg4 5.d5 Bd6 6.Bxc4 f5 7.Be2 f4 8.Qb3 b6
9.Bb5+ Bd7 10.Bxd7+ Nxd7 11.Nc3 g5 12.g4 h5 13.Rg1 h4 14.h3 a6 15.Bd2 Nh6
16.a3 Nf7 17.Qc2 Qe7 18.Na2 a5 19.Qc6 O-O 20.Ke2 Nc5 21.Nc3 Nb3 22.Rab1 Rae8
23.Qa4 Nxd2 24.Kxd2 Ra8 25.Rgc1 Rac8 26.Nb5 Bc5 27.Ke2 Rfd8  1/2-1/2

[Event "16th TCh-RUS HL"]
[Site "Dagomys RUS"]
[Date "2009.04.09"]
[Round "8"]
[White "Iljushin,A"]
[Black "Rustemov,A"]
[Result "1-0"]
[WhiteElo "2557"]
[BlackElo "2520"]

1.d4 d5 2.c4 dxc4 3.e4 Nf6 4.e5 Nd5 5.Bxc4 Nb6 6.Bd3 Nc6 7.Ne2 Be6 8.Nbc3 Qd7
9.Ne4 Bd5 10.O-O e6 11.a3 Be7 12.Qc2 O-O-O 13.Nc5 Qe8 14.Be3 f6 15.f4 Kb8
16.b4 Qh5 17.Rac1 Qg4 18.Ng3 Ka8 19.Be2 Qg6 20.f5 Qe8 21.b5 Na5 22.Nxe6 Bxe6
23.fxe6 fxe5 24.Bd2 Rxd4 25.Bxa5 Bg5 26.Rcd1 Qxe6 27.Qxc7 Rb8 28.Bxb6 axb6
29.Qxg7 h6 30.Kh1 Rf4 31.Qd7 Qa2 32.Bf3  1-0

[Event "FSIMA April"]
[Site "Budapest HUN"]
[Date "2009.04.11"]
[Round "8"]
[White "Kislik,E"]
[Black "Bacso,G"]
[Result "1-0"]
[WhiteElo "2314"]
[BlackElo "2171"]

1.d4 d5 2.c4 dxc4 3.e4 c5 4.d5 e6 5.Bxc4 exd5 6.exd5 Nf6 7.Bf4 Bd6 8.Qe2+ Kf8
9.Bxd6+ Qxd6 10.Nc3 a6 11.a4 Bf5 12.Nf3 Nbd7 13.O-O Bg4 14.Rfe1 Re8 15.Qd3 g6
16.Rxe8+ Kxe8 17.Ne4 Qf4 18.Nxf6+ Nxf6 19.Re1+ Kd8 20.Ne5 Nd7 21.Qg3 Qxg3
22.Nxf7+ Kc7 23.hxg3 Rb8 24.a5 b5 25.axb6+ Nxb6 26.Re7+ Bd7 27.d6+ Kc6 28.Be2 c4
29.Re5 Nc8 30.Bf3+ Kb6 31.Bd5 Nxd6 32.Nxd6 Kc5 33.Nxc4 Kd4 34.f4 Bf5 35.Ne3 Rxb2
36.Nxf5+ gxf5 37.Be6  1-0

[Event "XXVII Open"]
[Site "Metz FRA"]
[Date "2009.04.16"]
[Round "8"]
[White "Gharamian,T"]
[Black "Guliyev,N"]
[Result "1/2-1/2"]
[WhiteElo "2600"]
[BlackElo "2534"]

1.d4 d5 2.c4 dxc4 3.e4 e5 4.Nf3 exd4 5.Bxc4 Bb4+ 6.Nbd2 Nc6 7.O-O Nf6 8.e5 Nd5
9.a3 Be7 10.Qb3 Na5 11.Qa4+ Nc6 12.Nxd4 Nb6 13.Nxc6 Nxa4 14.Nxd8 Bxd8 15.Bb5+ Bd7
16.Bxd7+ Kxd7 17.b3 Nc5 18.b4 Nd3 19.Rd1 Kc8 20.Nc4 Nxc1 21.Raxc1 Be7 22.Nd6+ Bxd6
23.exd6 c6 24.Re1 Rd8 25.Rcd1 a5 26.Re7 axb4 27.d7+ Kc7 28.axb4 Ra4 29.Rxf7 Rxb4
30.Rxg7 Rh4 31.g3 Rh6 32.f4 c5 33.f5 c4 34.Kf2 Rxh2+ 35.Ke3 Rh6 36.g4 c3
37.g5 Rh3+ 38.Ke4 Rh4+ 39.Ke3 Rh3+ 40.Ke4 Rh4+ 41.Kd3 Rxd7+ 42.Rxd7+ Kxd7
43.Kxc3+ Ke8 44.Rb1 Rg4 45.Rxb7 Rxg5 46.Rxh7 Rxf5  1/2-1/2

[Event "TCh-HUN 2008-9"]
[Site "Budapest HUN"]
[Date "2009.04.18"]
[Round "11"]
[White "Ilincic,Z"]
[Black "Romanishin,O"]
[Result "1/2-1/2"]
[WhiteElo "2542"]
[BlackElo "2532"]

1.d4 d5 2.c4 dxc4 3.e4 Nc6 4.d5 Ne5 5.Nf3 Bg4 6.Bf4 Ng6 7.Bg3 e5 8.Bxc4 Bd6
9.Nbd2 Nf6 10.Bb5+ Bd7 11.Bxd7+ Qxd7 12.h4 O-O 13.h5 Nf4 14.Bxf4 exf4 15.Qc2 h6
16.O-O-O Rfe8 17.Kb1 Rac8 18.Nd4 Bb4 19.f3 c5 20.Ne2 c4 21.Nxf4 c3 22.Nb3 cxb2
23.Qxb2 Bc3 24.Qa3 a5  1/2-1/2

[Event "K41 Scandinavian Open"]
[Site "Copenhagen DEN"]
[Date "2009.04.22"]
[Round "6"]
[White "Smith,Ax"]
[Black "Sisatto,O"]
[Result "1/2-1/2"]
[WhiteElo "2383"]
[BlackElo "2286"]

1.d4 d5 2.c4 dxc4 3.e4 Nc6 4.Be3 Nf6 5.Nc3 e5 6.d5 Na5 7.Qa4+ c6 8.dxc6 Nxc6
9.Nf3 Bd7 10.Bxc4 Bb4 11.O-O Bxc3 12.bxc3 Qa5 13.Qxa5 Nxa5 14.Bb3 Nxb3 15.axb3 Nxe4
16.Nxe5 Nxc3 17.Nxd7 Kxd7 18.Bxa7 Rhc8 19.g3 Rc6 20.Be3 Rxa1 21.Rxa1 Ra6
22.Re1 Rd6 23.Kg2 Nd5 24.Bc5 Rc6 25.Bf8 Rg6 26.Re4 Kc6 27.h4 h5 28.Re5 Nf4+
29.Kf1 Ne6 30.Ba3 Rh6 31.f4 b6 32.Bb2 Kd6 33.f5 Nc5 34.Re3 g6 35.b4 Nd7 36.f6 g5
37.hxg5 Rg6 38.Rd3+ Ke6 39.Re3+ Kd6 40.Rd3+ Ke6 41.Bc1 Ne5 42.Rc3 Rg8 43.Bf4 Kf5
44.Rc7 Rf8 45.Kg2 Nd3 46.Bd2 Kg6 47.Rb7 Re8 48.Kf1 Re6 49.Rb8 Ne5 50.Bf4 Nd3
51.Bd2 Ne5 52.Kf2 Nd3+ 53.Kf3 Ne5+ 54.Kf4 Nd3+ 55.Kf3 Ne5+ 56.Kg2 Nd3 57.Kf1  1/2-1/2

[Event "11th Dubai Open"]
[Site "Dubai UAE"]
[Date "2009.04.30"]
[Round "5"]
[White "Kotanjian,T"]
[Black "Malakhatko,V"]
[Result "0-1"]
[WhiteElo "2552"]
[BlackElo "2610"]

1.d4 d5 2.c4 dxc4 3.e4 Nf6 4.e5 Nd5 5.Bxc4 Nb6 6.Bb3 Nc6 7.Nf3 Bg4 8.Bxf7+ Kxf7
9.Ng5+ Ke8 10.Qxg4 Qxd4 11.Ne4 Rd8 12.O-O Nxe5 13.Qe2 Qc4 14.Qh5+ Nf7 15.Re1 Nd5
16.Nbc3 Nxc3 17.bxc3 Rd5 18.Qg4 b5 19.Bf4 e5 20.a4 Qc6 21.axb5 Qd7 22.Qh5 Rxb5
23.c4 Rb6 24.Bxe5 Rh6 25.Bf6 Be7 26.Nd6+ cxd6 27.Rxe7+ Qxe7 28.Qb5+ Qd7 29.Qb8+ Nd8
30.Re1+ Kf7 31.Re7+ Qxe7 32.Bxe7 Re6 33.g3 Rxe7 34.Qxd6 Ne6 35.h4 Rc8 36.Qd3 h6
37.Qf5+ Kg8 38.Qe4 Rc5 39.f4 Kf7 40.f5 Nf8 41.Qf4 Ree5 42.g4 h5 43.f6 gxf6
44.g5 Rf5 45.Qb8 fxg5 46.Qxa7+ Kg8 47.hxg5 Rxg5+ 48.Kh2 Ng6 49.Qd7 Rce5 50.Qd8+ Kg7
51.Qd7+ Kh6 52.Qd2 Re4  0-1

[Event "Copenhagen Chess Challenge"]
[Site "Ballerup DEN"]
[Date "2009.05.09"]
[Round "7"]
[White "Peschardt,S"]
[Black "Matthiesen,A"]
[Result "0-1"]
[WhiteElo "2104"]
[BlackElo "2349"]

1.d4 d5 2.c4 dxc4 3.e4 Nf6 4.Nc3 e5 5.Nf3 exd4 6.Qxd4 Bd6 7.Bxc4 O-O 8.Bg5 Nc6
9.Qd2 Be6 10.Bxe6 fxe6 11.O-O-O Qe8 12.Qe2 Qg6 13.h4 Bb4 14.Rhe1 h6 15.Bxf6 Qxf6
16.Qc4 Rad8 17.Kb1 Rxd1+ 18.Rxd1 Bxc3 19.Qxc3 Qg6 20.Re1 Rf7 21.Ne5 Nxe5
22.Qxe5 Rxf2 23.Qxc7 Rf7 24.Qc2 Qg3 25.Rd1 Rc7 26.Qa4 Qxg2 27.h5 b5 28.Qb3 Qxe4+
29.Ka1 Qf5  0-1

[Event "III Open"]
[Site "La Laguna ESP"]
[Date "2009.05.09"]
[Round "8"]
[White "Perez Felipe,M"]
[Black "Vega Gutierrez,S"]
[Result "1/2-1/2"]
[WhiteElo "2266"]
[BlackElo "2334"]

1.d4 d5 2.c4 dxc4 3.e4 Nc6 4.Nf3 Bg4 5.d5 Ne5 6.Bf4 Ng6 7.Be3 Nf6 8.Nc3 e5
9.Be2 a6 10.Bxc4 Bd6 11.Be2 O-O 12.Nd2 Bd7 13.Rc1 b5 14.O-O Qe7 15.a4 Rfb8
16.axb5 axb5 17.Ra1 Rxa1 18.Qxa1 Nf4 19.Bf3 b4 20.Na4 Bb5 21.b3 Nd7 22.Rc1 f5
23.exf5 Nf6 24.Bxf4 exf4 25.Nc4 Bxc4 26.Rxc4 Re8 27.Kf1 Nd7 28.Re4 Ne5 29.Qe1 Qf7
30.Qe2 Re7 31.Nb2 Qxd5 32.Nc4 Nxc4 33.Qxc4 Qxc4+ 34.Rxc4 Kf7 35.g3 Kf6 36.Be4 Re5
37.Kg2 Ra5 38.Kf3 fxg3 39.hxg3 Rc5  1/2-1/2

[Event "Limpedea Cup"]
[Site "Baia Sprie ROM"]
[Date "2009.05.16"]
[Round "6"]
[White "Shishkin,Va UKR"]
[Black "Varga,Zo"]
[Result "1/2-1/2"]
[WhiteElo "2498"]
[BlackElo "2457"]

1.d4 d5 2.c4 dxc4 3.e4 Nf6 4.e5 Nd5 5.Bxc4 Nb6 6.Bd3 Nc6 7.Ne2 Bg4 8.Be3 Qd7
9.a4 Nb4 10.Be4 c6 11.h3 Bh5 12.a5 N6d5 13.Nbc3 e6 14.O-O Be7 15.Qd2 Bg6
16.Ng3 O-O 17.Bxg6 fxg6 18.Nge4 h6 19.Nxd5 Qxd5 20.Nc3 Qd7 21.Qe2 Rfd8 22.Rfd1 Bf8
23.Qc4 g5 24.Qb3 Rac8 25.Rac1 Qf7 26.Qc4 Rd7 27.Qe2 Qf5 28.g4 Qg6 29.Kg2 Rcd8
30.Rd2 Na6 31.Rdd1 Be7 32.f3 Bb4 33.Ra1 Qf7 34.Qc4 Kh8 35.Ne4 Rd5 36.Nc3 Rxa5
37.Rxa5 Bxa5 38.Ne4 Bb4 39.Rf1 Be7 40.f4 gxf4 41.Bxf4 Qg6 42.Nd6 Bxd6 43.exd6 Qe4+
44.Kg3 c5 45.Be5 cxd4 46.Qxe6 Kh7 47.Rf7 Qe1+ 48.Kg2 Qe2+ 49.Kg3 Qe1+ 50.Kg2 Qe2+
51.Kg3  1/2-1/2

[Event "8th Asian Continental Open"]
[Site "Subic Bay PHI"]
[Date "2009.05.16"]
[Round "4"]
[White "Laylo,D"]
[Black "Abu Sufian,S"]
[Result "1-0"]
[WhiteElo "2509"]
[BlackElo "2378"]

1.d4 d5 2.c4 dxc4 3.e4 e5 4.Nf3 exd4 5.Bxc4 Nc6 6.O-O Be6 7.Bb5 Bc5 8.b4 Bb6
9.a4 a6 10.Bxc6+ bxc6 11.a5 Ba7 12.Qd3 Ne7 13.Ba3 O-O 14.Nbd2 Ng6 15.g3 Qd7
16.Rfc1 Rfb8 17.Qxa6 Bc5 18.Qxa8 Rxa8 19.Rxc5 f5 20.exf5 Bxf5 21.Bb2 Be6
22.Ne5 Nxe5 23.Rxe5 Qd6 24.Rc5 Bd5 25.Bxd4 Qe6 26.Be3 h5 27.a6 h4 28.a7 hxg3
29.hxg3 Kf7 30.Kf1 Qh3+ 31.Ke1 Qh1+ 32.Nf1 Ke6 33.Kd2 Qe4 34.Kc3 Kd7 35.Nd2 Qe6
36.Rca5 Kc8 37.Rc5 Kb7 38.Rca5 g5 39.Rc5 Kc8 40.Raa5 g4 41.b5 Qe5+ 42.Kc2 cxb5
43.Rcxb5 c6 44.Rc5 Kb7 45.Nc4 Qe6 46.Ra4 Bxc4 47.Rcxc4 Qf5+ 48.Kc1 Qd3 49.Rab4+ Ka6
50.Rxc6+ Ka5 51.Bd2  1-0